Figlie di padri scomodi (Record n. 210551)

Dettagli MARC
000 -LEADER
fixed length control field 01587nam a2200205Ia 4500
001 - CONTROL NUMBER
control field b6489-46519
003 - CONTROL NUMBER IDENTIFIER
control field IT-MiCISF
008 - FIXED-LENGTH DATA ELEMENTS--GENERAL INFORMATION
fixed length control field 161014s9999||||xx |||||||||||||| ||und||
040 ## - CATALOGING SOURCE
Original cataloging agency IT-MiCISF
Transcribing agency IT-MiCISF
041 ## - LANGUAGE CODE
Language code of text/sound track or separate title it
999 ## - SYSTEM CONTROL NUMBERS (KOHA)
Koha Dewey Subclass [OBSOLETE] si
100 ## - MAIN ENTRY--PERSONAL NAME
Personal name Morganti Monica
245 #0 - TITLE STATEMENT
Title Figlie di padri scomodi
Remainder of title Comprendere il proprio legame col padre per vivere amori felici
250 ## - EDITION STATEMENT
Edition statement 1a ed.
260 ## - PUBLICATION, DISTRIBUTION, ETC. (IMPRINT)
Place of publication, distribution, etc. Milano
Name of publisher, distributor, etc. Franco Angeli
Date of publication, distribution, etc. 2009
300 ## - PHYSICAL DESCRIPTION
Extent pp. 124
500 ## - GENERAL NOTE
General note / rapporti-padre-figli, donna, esperienze / "Perché ci innamoriamo sempre di uomini sbagliati? Perché abbiamo un rapporto incasinato col denaro? Perché non sappiamo gestire serenamente la relazione col capo, al lavoro? Perché permettiamo a nostro marito di decidere ogni aspetto della nostra vita? Perché sfuggiamo la competizione in ufficio?". In questo libro le storie di alcune donne ci mostrano come il punto da cui nasce tutto questo è il rapporto col padre. Il legame che si crea col proprio padre è, infatti, il primo rapporto d'amore di ogni donna e stabilisce il modello per tutte le nostre future relazioni affettive e la gestione del mondo esterno. Con la complicità di madri inadeguate, i padri idealizzati o assenti o tiranni o fragili o violenti secondo l'A. creano un danno nell'anima delle loro figlie. Questo libro vuole aiutare il pubblico femminile a capire che tipo di legame abbiano avuto con il loro padre, per imparare a scioglierlo serenamente e a navigare verso nuovi e felici amori.
650 ## - SUBJECT ADDED ENTRY--TOPICAL TERM
Topical term or geographic name as entry element Dinamiche familiari / genitorialità
Relator term 001
942 ## - ADDED ENTRY ELEMENTS (KOHA)
Koha item type LIBRO
957 ## -
-- 1
999 ## - SYSTEM CONTROL NUMBERS (KOHA)
-- 1
Dati di copia
Withdrawn status Lost status Damaged status Not for loan Home library Current library Date acquired Total Checkouts Full call number Date last seen Price effective from Koha item type Public note
    Buone Condizioni Not For Loan CISF - Milano CISF - Milano 14/10/2016   b6489-46519 14/10/2016 14/10/2016 LIBRO Data import 15.10.2016 / by Epidotti, Vaglietti
CREDITS: SOCIETA' SAN PAOLO Via A.Severo, 58 - ROMA (RM) & PERIODICI SAN PAOLO SRL Via Giotto, 36 MILANO & CISF Via Giotto, 36 MILANO & EDIZIONI SAN PAOLO SRL,  Piazza Soncino, 5 CINISELLO BALSAMO (MI) -- ITALY